000 00210 a2200097 4500
001 3519
100 _aLumby, E.W.R
245 _aTransfer of power in India 1945-7
260 _a
_bAllen
_c
090 _c2784
_d2784
942 _aNUST-CAE
_cM
_c19824
999 _c238592
_d238592